000 00613nam a22002297a 4500
003 UA-OsUOA
001 19871
007 ta
008 20041002b un ||||| |||| 00| 0 ukr d
100 _aСтолярець М.
090 _bС-816
942 _cSA
040 _aUA-OsUOA
_bukr
_cUA-OsUOA
_dUA-OsUOA
245 _aСвященник Кульчинський
300 _aС.13-14
955 _a0
041 _aukr
591 _a26.890(4Укр-4Рів)
044 _aUA
773 0 _w0
_tСлово про Городок
_dРівне
_dАзалія
_g2002
650 7 _aКраєзнавча робота
_2UDC
999 _c306044
_d306044